000 00850nam a22003137a 4500
005 20250701142832.0
008 250408b |||||||| |||| 00| 0 spa d
020 _a9781800564930
041 _aING
082 _a005.711 L954b
100 _aLukavský, Jan
245 _aBuilding big data pipelines with apache beam: use a single programming model for both batch and stream data processing
260 _aReino Unido
260 _bPackt Publishing
260 _c2022
300 _a324 páginas
490 _aBig Data
650 _aBIG DATA
650 _aAPACHE BEAM
650 _aDATA PROCESSING
650 _aPROCESAMIENTO DE DATOS
650 _aBASIC PIPELINES
650 _aPIPELINES BÁSICOS
650 _aBATCHING QUERIES
650 _aPROCESAMIENTO POR LOTES
650 _aSQL
650 _aPYTHON
942 _2ddc
_cBK
999 _c13763
_d13763